000 00308nam a2200121Ia 4500
008 190216s9999||||xx |||||||||||||| ||und||
100 _aNarayanan S And Manicavachagom Pillay T K
245 0 _aDiferential Calculus
260 _bViswanathan S.
_c2000
300 _a430p
650 _aMathematics
942 _cBK
999 _c31576
_d31576